000 00412nam a2200181Ia 4500
008 230524s9999 xx 000 0 und d
020 _a8173193924
082 _a150.3
_bSAH
100 _aVivek Sahai
245 0 _aLinear Algebra
250 _a1ST
260 _aNEW DELHI
_bNarosa
_c2002
300 _a191
500 _aQuantity Number: 1
650 _aMathematics
700 _a Vikas Bist
942 _cBK
999 _c15547
_d15547